• 首页
  • 本馆介绍
  • 公告通知
  • 最新文献
  • 馆藏检索
  • 电子资源
  • 读者导购
  • 参考咨询
  • 我的图书馆
  • 登录
  • 详细信息显示
  • 放入我的书架
  • 预约/预借图书
  • 作者相关作品
  • 分类相关作品
  • 丛书相关作品
  • 出版社相关作品

书目信息

  • 表格格式
  • 工作单格式
  • 卡片格式
题名:
阿拉伯埃及近代文学史
    
 
作者: 邵武基·戴伊夫
分册:  
出版信息: 北京   人民文学出版社  1980
页数: 307页
开本: 20cm
丛书名:
单 册:
中图分类: I371.094
科图分类:
主题词: 文学
电子资源:
ISBN:
000 00534nam0 2200181 450
001 0728815141
005 20070819080015.14
010    @d¥0.90
100    @a20070819d km y0chiy0120 ea
101 0  @achi
200 1  @a阿拉伯埃及近代文学史@Aa la bo ai ji jin dai wen xue shi@f邵武基.戴伊夫@Fshao wu ji.dai yi fu
210    @a北京@c人民文学出版社@d1980
215    @a307页@d20cm
606 0  @a文学
690    @aI371.094@v3
701  0 @a邵武基·戴伊夫@Ashao wu ji·dai yi fu
801  0 @aCN@bPFT@c20070819
905    @a213230@dI371.094@eZW31@f1
    
    阿拉伯埃及近代文学史/邵武基.戴伊夫.-北京:人民文学出版社,1980
    307页;20cm
    
    
    ISBN :¥0.90
    
●
相关链接 在E读中查询图书 在五车中查询图书 在当当中查询图书 在豆瓣中查询图书


正题名:阿拉伯埃及近代文学史     索取号:I371.094/ZW31         预约/预借

序号 登录号 条形码 馆藏地/架位号 状态 备注
1 7602594   276025944   密集书库-文学院/ [索取号:I371.094/ZW31] 在馆    
唐山师范学院图书馆 欢迎您!
大连网信软件有限公司© 版权所有